00281nam a2200121Ia 4500008004100000041000800041082001200049100001500061245002800076260002900104300001900133365000700152240624s9999 xx 000 0 und d aeng a413 COL aCOLLIN P H aDICTIONARY OF ECONOMICS c2003aLondonbBloomsbury a220 : cm. ; 23 cRS